Słówka Angielski-Polski Poziom 1 - Statystyki

Ogólne statystyki
  • Ten quiz został rozwiązany 16 razy
  • Średni wynik to 14 z 20
Statystyki odpowiedzi
Hint Odpowiedź % Poprawnych
husband mąż
100%
bored znudzony
89%
twin bliźniak
78%
lazy leniwy
78%
nice miły
78%
niece siostrzenica
78%
be late spóźnić się
78%
late spóźniony
78%
happy szczęśliwy
78%
angry zły
78%
wife żona
78%
only child jedynak
67%
stepmother macocha
67%
brave odważny
67%
stepfathet ojczym
67%
nephew siostrzeniec
67%
calm spokojny
67%
get angry złoscić się
44%
excited podniecony
33%
hard-working pracowity
33%
Nie znaleziono quizów pasujących do podanych kryteriów
Rozkład punktacji
Procent ludzi z każdym wynikiem
Percentyl według liczby udzielonych odpowiedzi
Twoja historia wyników
Nie rozwiązałeś tego quizu